| 000 | 00361nam a22001577a 4500 | ||
|---|---|---|---|
| 999 |
_c524039 _d524039 |
||
| 003 | NUST | ||
| 020 | _cPaperback. | ||
| 038 | _aShaban | ||
| 082 |
_a891.42 _bBAK |
||
| 100 |
_aBaqar, Muhammad _914865 |
||
| 245 |
_aHaath / _cMuhammad Baqar |
||
| 300 | _a180 p. ; | ||
| 880 |
_6100-02\r _aمحمد باقر |
||
| 880 |
_6245-02\r _aھٹھہ / |
||
| 942 |
_2ddc _cBK |
||